| 000 | 00608nam a22001697a 4500 | ||
|---|---|---|---|
| 020 | _qHBK | ||
| 082 | _a616 | ||
| 100 | _akhan, Hayat | ||
| 245 |
_aIntergenotypic Comparison of Various Antivirals and Immunomodulators Against Hepatitis C Virus / _cHayat khan. |
||
| 260 |
_aIslamabad: _bASAB - NUST, _c2016. |
||
| 300 |
_a168 p. : ill. ; _c30cm. |
||
| 650 |
_a Ph.D Thesis.Virology and Immunology - _9123935 |
||
| 700 |
_aSupervisor: Dr. Sheeba Murad. _9123934 |
||
| 856 | _uhttp://10.250.8.41:8080/xmlui/handle/123456789/25419 | ||
| 942 |
_2ddc _cSC |
||
| 999 |
_c527989 _d527989 |
||